Cinquante nuances plus claires
<< Retourner aux résultats de la recherche
| Auteur principal : | E.L. James |
|---|---|
| Autres auteurs : | Denyse Beaulieu |
| Titre : | Cinquante nuances plus claires |
| Support : | Livres |
| Langue : | Francais |
| Series : |
Fifty shades |
| Genre : |
Roman |
| Collection : |
|
| Sujets : | |
| Étiquettes : |
Pas de tags
|
| LEADER | 00899nam0a2200229 450 | ||
|---|---|---|---|
| 001 | 16867266 | ||
| 010 | |a 978-2-7096-4254-5 |b br. |d 17 | ||
| 100 | |a 20130130d2013 u u0frey01 ba | ||
| 101 | 1 | |a fre |c fre | |
| 102 | |a FR | ||
| 200 | 0 | |a Cinquante nuances plus claires |f E.L. James |g traduit de l'anglais par Denyse Beaulieu | |
| 207 | 1 | |a | |
| 215 | |a 594 p. |d 21 x 13 cm | ||
| 225 | 1 | |v 3 | |
| 330 | |a Enfin réunis, Christian et Ana ont tout : l'amour, la passion, l'intimité, la richesse et une infinité de possibles, mais le destin et le malheur s'associent pour plonger Ana dans le pire des cauchemars. Fin de la trilogie. | ||
| 461 | 0 | |t Fifty shades |v 03 | |
| 608 | |a Roman anglais | ||
| 700 | 0 | |a James |b E.L. |4 70 | |
| 702 | 0 | |a Beaulieu |b Denyse |4 730 | |
| 900 | |a Roman | ||
| 901 | |a Adultes | ||
| 995 | |a Médiathèque |c Médiathèque |f 00156005903224 |h 00156005903224 |k R JAM 3 |o p |q a |r az |e Médiathèque | ||